Ballon d'Or Winners - Statistics

General Stats
  • This quiz has been taken 93 times
  • The average score is 7 of 30
Answer Stats
Number Answer % Correct
1 Lionel Messi
100%
3 Christiano Ronaldo
99%
16 Karim Benzema
49%
10 Kylian Mbappe
43%
2 Virgil Van Dijk
43%
4 Mohamed Salah
39%
14 Alisson
35%
5 Sadio Mane
34%
23 Kevin De Bruyne
28%
22 Antoine Griezmann
23%
26 Eden Hazard
23%
21 Roberto Firmino
23%
6 Sergio Aguero
21%
11 Trent Alexander Arnold
21%
7 Frankie De Jong
20%
30 Marc Andre Ter Stegen
20%
15 Matthias De Ligt
17%
18 Bernardo Silva
15%
19 Hueng Min Son
15%
8 Dusan Tadic
12%
9 Hugo Lloris
12%
24 Riyad Mahrez
12%
13 Pierre Emerick Aubameyang
11%
27 Raheem Sterling
11%
17 Georginio Wijnaldum
7%
28 Joao Felix
7%
12 Donny Van De Beek
5%
20 Robert Lewandoski
4%
29 Marquinhos
1%
25 Kalidou Koulibaly
0%
No matching quizzes found
Score Distribution
Percent of People with Each Score
Percentile by Number Answered
Your Score History
You have not taken this quiz